01545nam a2200361Ia 450000500170000000700030001700800410002002000180006104000350007904100080011408200190012210000420014124501550018325000220033826400460036030000250040633600270043133700330045833800280049149000110051950400390053052100420056954500580061165000550066965000590072465000300078365000290081370000470084294200120088999900150090195201370091695201300105320220317001618.0ta210823s2008 ck er 000 0dspa d a9789584432421 aCO-BoRNBPbspaerdacCO-BoRNBP0 aspa04aH868bF27n2221 aFernández Durán, Mercedeseautora10aNovela y dictadores en América Latinabla identidad en ficción, pensamiento y formacMercedes Fernández Durán ; prólogo Felipe Zuleta Lleras aPrimera edición 1aBogotábTaller de Edición Roccac2008 a367 páginasc21 cm atextobtxt2rdacontent asin mediaciónbn2rdamedia avolumenbnc2rdacarrier0 aEnsayo a Bibliografía: páginas 343-367 aRecomendado para un público adulto  aIncluye datos biográficos de la autora en la solapa17aNovela latinoamericanaxHistoria y crítica2LEMB17aLiteratura latinoamericanaxHistoria y crítica2LEMB17aDictadoresvNovela 2LEMB17aIdentidadvNovela 2LEMB1 aZuleta Lleras, Felipeeprologuista9183148 2ddccBK c7534d7534 00102ddc40708GENaMECASARIbMECASARIcGENd2024-11-10l0o864.098 Z84npBM0001673r2024-11-10 08:00:57tEj.1w2024-11-10yBK 00102ddc40708GENaMEMAPJGAbMEMAPJGAcGENd2026-03-20l0oH868 F27npMPJG01159r2026-03-20 21:59:37tEj.1w2026-03-20yBK